000 00238nam a2200097Ia 4500
001 643408
005 20250826153545.0
008 250824s9999 xx 000 0 und d
245 0 _aÇOCUK MUHAFIZ
_cMEHMET BALTAOĞLU
260 _bGENÇ TİMAŞ
999 _c643408
_d643408